Online
Catalog

Madres, maestras y militantes dominicanas (fundadoras) : (Record no. 45895)

MARC details
000 -CABECERA
campo de control de longitud fija 01632nam a2200277 i 4500
001 - NÚMERO DE CONTROL
campo de control 000046406
003 - IDENTIFICADOR DEL NÚMERO DE CONTROL
campo de control DO-SdBNP
005 - FECHA Y HORA DE LA ÚLTIMA TRANSACCIÓN
campo de control 20260212092730.0
007 - CAMPO FIJO DE DESCRIPCIÓN FÍSICA--INFORMACIÓN GENERAL
campo de control de longitud fija ta
008 - DATOS DE LONGITUD FIJA--INFORMACIÓN GENERAL
campo de control de longitud fija 150810s2001 dr 000 0 spa d
020 ## - NÚMERO INTERNACIONAL ESTÁNDAR DEL LIBRO
ISBN cancelado o inválido 9993410020
040 ## - FUENTE DE LA CATALOGACIÓN
Centro catalogador/agencia de origen DO-SdBNP
Lengua de catalogación spa
Centro/agencia transcriptor BNPHU
Normas de descripción rda
041 ## - CÓDIGO DE LENGUA
Código de lengua del texto/banda sonora o título independiente spa
082 #4 - NÚMERO DE LA CLASIFICACIÓN DECIMAL DEWEY
Número de clasificación xxx
Número de documento/Ítem xxx
Número de edición 22
245 00 - MENCIÓN DE TÍTULO
Título Madres, maestras y militantes dominicanas (fundadoras) :
Resto del título ensayos selectos /
Mención de responsabilidad, etc. selección y prólogo, Daisy Cocco De Filippis.
264 #1 - PRODUCCIÓN, PUBLICACIÓN, DISTRIBUCIÓN, FABRICACIÓN Y COPYRIGHT
Producción, publicación, distribución, fabricación y copyright Santo Domingo :
Nombre del de productor, editor, distribuidor, fabricante Editora Búho,
Fecha de producción, publicación, distribución, fabricación o copyright 2001.
300 ## - DESCRIPCIÓN FÍSICA
Extensión 260 páginas ;
Dimensiones 23 cm.
336 ## - TIPO DE CONTENIDO
Término de tipo de contenido texto
Código de tipo de contenido txt
Fuente rdacontent
337 ## - TIPO DE MEDIO
Nombre/término del tipo de medio sin mediación
Código del tipo de medio n
Fuente rdamedia
338 ## - TIPO DE SOPORTE
Nombre/término del tipo de soporte volumen
Código del tipo de soporte nc
Fuente rdacarrier
500 ## - NOTA GENERAL
Nota general Incluye datos biográficos del autor en las solapas.
505 0# - NOTA DE CONTENIDO CON FORMATO
Nota de contenido con formato Historia de una mujer /
Mención de responsabilidad Manuela Aybar --
Título Apuntes para la historia de Santo Domingo /
Mención de responsabilidad Rosa Duarte --
Título Monseñor de Meriño /
Mención de responsabilidad Amelia Francasci --
Título Discursos y páginas literarias /
Mención de responsabilidad Mercedes Laura Aguiar --
Título El niño y lo que a él debemos /
Mención de responsabilidad María Josefa Gómez --
Título Por la salvación de la infancia /
Mención de responsabilidad Petronila Angélica Gómez --
Título Feminismo /
-- La mujer y la cultura /
Mención de responsabilidad Camila Henríquez Ureña --
Título Ideario feminsta /
Mención de responsabilidad Abigail Mejía Soliere --
Título La isla madre /
Mención de responsabilidad Flérida de Nolasco --
Título Discursos /
Mención de responsabilidad Ercilia Pepín --
Título Granos de polen /
Mención de responsabilidad Evangelina Rodríguez --
Título Discursos y cartas /
Mención de responsabilidad Salomé Ureña de Henríquez --
Título Historia del feminismo dominicano /
Mención de responsabilidad Livia Veloz --
Título Sentido de la civilización y la mujer nueva /
Mención de responsabilidad Delia Weber.
590 ## - NOTA LOCAL (RLIN)
Nota local Inventariado, 2026/BT
700 1# - PUNTO DE ACCESO ADICIONAL--NOMBRE DE PERSONA
Nombre de persona Cocco-De Filippis, Daisy,
Fechas asociadas al nombre 1949-
Término indicativo de función/relación prologuista
Código de función/relación pr.
9 (RLIN) 2539
942 ## - ELEMENTOS DE PUNTO DE ACCESO ADICIONAL (KOHA)
Fuente del sistema de clasificación o colocación Dewey Decimal Classification
Tipo de ítem Koha Libro
Holdings
Estado de retiro Estado de pérdida Fuente del sistema de clasificación o colocación Restricciones de uso No para préstamo Código de colección Localización permanente Ubicación/localización actual Ubicación en estantería Fecha de adquisición Fuente de adquisición Total de préstamos Signatura topográfica completa Código de barras Fecha visto por última vez Precio válido a partir de Tipo de ítem Koha Nota pública Número de copia
    Dewey Decimal Classification Excluido de préstamo   Patrimonio Dominicano Biblioteca Nacional Pedro Henríquez Ureña Biblioteca Nacional Pedro Henríquez Ureña En catalogación 10.08.2015 Donación   BNPHU PD 46406-10 25.06.2020 25.06.2020 Libro Perteneció a la biblioteca personal de Chiqui Vicioso / Fidelio Despradel.  
    Dewey Decimal Classification Excluido de préstamo   Patrimonio Dominicano Biblioteca Nacional Pedro Henríquez Ureña Biblioteca Nacional Pedro Henríquez Ureña En catalogación 10.09.2015 Donación   BNPHU PD 46406-20 25.06.2020 25.06.2020 Libro Perteneció a la biblioteca personal de Chiqui Vicioso / Fidelio Despradel. e. 2
    Dewey Decimal Classification Préstamo en sala   Dominicana de Servicio Biblioteca Nacional Pedro Henríquez Ureña Biblioteca Nacional Pedro Henríquez Ureña En catalogación 12.02.2026 Donado por Isaolym Mieses   BNPHU DS 2026-1014 12.02.2026 12.02.2026 Libro   e.3

Powered by Koha